Statistiques concernant Tennis: Vainqueurs hommes des Internationaux d'Australie depuis le début de l'ére Open (1969)

Cliquez ici pour prendre le quiz!

Statistiques générales

  • Ce quiz a été pris 221 fois
  • Le résultat moyen est 35 sur 49

Statistiques - réponses

AnnéesVainqueurPays% Correct
2017Roger FedererSuisse
99%
2004Roger FedererSuisse
99%
2010Roger FedererSuisse
99%
2007Roger FedererSuisse
99%
2006Roger FedererSuisse
99%
2016Novak DjokovicSerbie
98%
2015Novak DjokovicSerbie
98%
2013Novak DjokovicSerbie
98%
2012Novak DjokovicSerbie
98%
2011Novak DjokovicSerbie
98%
2008Novak DjokovicSerbie
98%
2009Rafael NadalEspagne
98%
2014Stanislas WawrinkaSuisse
90%
1995Andre AgassiEtats-Unis
89%
2003Andre AgassiEtats-Unis
89%
2001Andre AgassiEtats-Unis
89%
2000Andre AgassiEtats-Unis
89%
1994Pete SamprasEtats-Unis
88%
1997Pete SamprasEtats-Unis
88%
1989Ivan LendlTchécoslovaquie
79%
1990Ivan LendlTchécoslovaquie
79%
1991Boris BeckerAllemagne
78%
1996Boris BeckerAllemagne
78%
2005Marat SafinRussie
78%
1984Mats WilanderSuède
72%
1988Mats WilanderSuède
72%
1983Mats WilanderSuède
72%
1973Jimmy ConnorsEtats-Unis
70%
1985Stefan EdbergSuède
70%
1987Stefan EdbergSuède
70%
1969Rod LaverAustralie
66%
1993Jim CourierEtats-Unis
63%
1992Jim CourierEtats-Unis
63%
1999Ievgueni KafelnikovRussie
62%
1978Guillermo VilasArgentine
52%
1979Guillermo VilasArgentine
52%
1974John NewcombeAustralie
50%
1972John NewcombeAustralie
50%
1970Arthur AsheEtats-Unis
49%
1998Petr KordaRépublique Tchèque
48%
2002Thomas JohanssonSuède
45%
Décembre 1971Ken RosewallAustralie
38%
Mars 1971Ken RosewallAustralie
38%
1982Johan KriekEtats-Unis
30%
1981Johan KriekAfrique du sud
30%
Décembre 1977Vitas GerulaitisEtats-Unis
28%
Janvier 1977Roscoe TannerEtats-Unis
26%
1980Brian TeacherEtats-Unis
21%
1975Mark EdmondsonAustralie
19%

Distribution des résultats

Percentile par nombre de réponses

% des personnes avec chaque résultat

Votre développement - résultats

Vous n’avez pas pris ce quiz